| 000 | 00000nam##2200000za#4500 |
| 001 | 9.615216 |
| 003 | CaOODSP |
| 005 | 20200428124313 |
| 007 | ta |
| 008 | 150406|1999||||xxc||||| f|0| 0 eng|d |
| 020 | |a1-895643-82-1 |
| 040 | |aCaOODSP|beng |
| 043 | |an-cn--- |
| 086 | 1 |aEn133-5/3-1999E |
| 110 | 2 |aNational Round Table on the Environment and the Economy (Canada) |
| 245 | 10|aAnalysis of options for gratis distribution of allowances / |cby Erik Haites and Robert Hornung. |
| 260 | |aOttawa - Ontario : |bNational Round Table on the Environment and the Economy |c1999. |
| 300 | |aiv, 21p. : |breferences, tables ; |c28 cm. |
| 490 | 1 |aDomestic Greenhouse Gas Emissions Trading technical paper series |
| 500 | |a"This paper deals with gratis distribution of allowances in a cap and trade system and the allocation of emission rights implicit in a credit trading system."--Introduction. |
| 520 | 3 |aThis paper deals with gratis distribution of allowances in a cap and trade system and the allocation of emission rights implicit in a credit trading system.--Introduction |
| 563 | |aSpiral binding |
| 590 | |a00-25|b2000-06-23 |
| 690 | 07|aEnvironment|2gcpds |
| 690 | 07|aEnvironmental management|2gcpds |
| 690 | 07|aPollution control|2gcpds |
| 720 | 1 |aHaites, Erik |
| 720 | 1 |aHornung, Robert |
| 776 | 0#|tAnalysis of options for gratis distribution of allowances / |w(CaOODSP)9.577175 |
| 830 | #0|aDomestic greenhouse gas emissions trading technical paper series.|w(CaOODSP)9.514547 |